Villes de Ligue 1 - Carte Quiz - Statistiques

Statistiques générales
  • Ce quiz a été pris 155 fois
  • Le résultat moyen est 43 sur 65
Réponses sur la Carte
Les réponses sont colorées sur une échelle allant du rouge au vert en fonction du pourcentage des utilisateurs qui les ont devinées à leur premier essai. Vous pouvez retrouver ces pourcentages ci-dessous.
 
Statistiques - réponses
Ville % Correct
Lille
100%
Bordeaux
99%
Lyon
99%
Marseille
99%
Nice
98%
Brest
97%
Toulouse
97%
Nantes
96%
Paris
96%
Rennes
96%
Strasbourg
96%
Ajaccio
94%
Lens
94%
Bastia
93%
Montpellier
93%
Le Havre
90%
Saint-Étienne
89%
Monaco
88%
Metz
87%
Reims
86%
Caen
85%
Angers
83%
Auxerre
81%
Lorient
81%
Nancy
81%
Dijon
79%
Clermont-Ferrand
77%
Grenoble
76%
Nîmes
76%
Cannes
74%
Guingamp
74%
Troyes
74%
Saint-Ouen-sur-Seine
73%
Rouen
71%
Toulon
71%
Le Mans
70%
Tours
68%
Amiens
65%
Sochaux / Montbéliard
65%
Aix-en-Provence
59%
Valenciennes
59%
Laval
55%
Mulhouse
55%
Sedan
54%
Thonon-les-Bains
54%
Avignon
52%
Boulogne-sur-Mer
52%
Colmar
50%
Limoges
48%
Sète
48%
Châteauroux
47%
Arles
45%
Martigues
45%
Niort
45%
Roubaix
45%
Angoulême
37%
Béziers
36%
Istres
36%
Antibes
30%
Hyères
30%
Ales
21%
Gueugnon
21%
Colombes
10%
Charenton-le-Pont
1%
Fives
0%
Aucun quiz correspondant
Distribution des résultats
% des personnes avec chaque résultat
Percentile par nombre de réponses
Votre historique - résultats
Vous n’avez pas pris ce quiz